Survival Analysis : (Record no. 607246)

MARC details
000 -LEADER
fixed length control field 00493nam a2200193 a 4500
008 - FIXED-LENGTH DATA ELEMENTS--GENERAL INFORMATION
fixed length control field 260105s2010##################000#0#eng##
020 ## - INTERNATIONAL STANDARD BOOK NUMBER
ISBN 9780195337518
082 04 - DEWEY DECIMAL CLASSIFICATION NUMBER
Classification number 300.727
Item number GUO
100 1# - MAIN ENTRY--AUTHOR NAME
Personal name Guo, Shenyang,
245 10 - TITLE STATEMENT
Title Survival Analysis :
260 ## - PUBLICATION, DISTRIBUTION, ETC. (IMPRINT)
Name of publisher Oxford University Press,
Year of publication 2010.
300 ## - PHYSICAL DESCRIPTION
Number of Pages 172 pages
650 #0 - SUBJECT ADDED ENTRY--TOPICAL TERM
Topical Term History.
942 ## - ADDED ENTRY ELEMENTS (KOHA)
Koha item type English Books
Holdings
Withdrawn status Lost status Damaged status Not for loan Home library Current library Shelving location Date acquired Full call number Accession Number Price effective from Koha item type
        Anna Centenary Library Anna Centenary Library 3RD FLOOR, B WING 05.01.2026 300.727 GUO 140175 05.01.2026 English Books

Find us on the map